00524nam a2200169 i 450000100060000000300090000600500170001500700030003200800410003510000210007624500630009726000570016030000220021749000470023983000470028685200210033334879ES-MaACL20230906155020.0t|030211s1914 fr ||||1| fre d1 aBonnier, Pierre.10aDéfense organique et centres nerveux / cPierre Bonnier. aParís : bErnest Flammarion, c1914 (fHemmerlé) a285 p. ; c18 cm.1 aBibliothèque de philosophie scientifique0 aBibliothèque de philosophie scientifique aES-MaACLjF-6369